000 01224nam a2200301 a 4500
001 ebr10459627
003 CaPaEBR
006 m u
007 cr cn|||||||||
008 110427s2011 enka sb 000 0 eng d
020 _z9781905539581
020 _z9781907830587 (e-book)
040 _aCaPaEBR
_cCaPaEBR
035 _a(OCoLC)726825873
050 1 4 _aRC439
_b.F67 2011eb
100 1 _aForrest, Caroline.
245 1 0 _aTherapy skills for healthcare
_h[electronic resource] :
_ban introduction to brief psychological techniques /
_cCaroline Forrest ; illustrations by Caroline Firenza.
260 _aKeswick [England] :
_bM&K Update,
_c2011.
300 _ax, 76 p. :
_bill.
504 _aIncludes bibliographical references.
533 _aElectronic reproduction.
_bPalo Alto, Calif. :
_cebrary,
_d2011.
_nAvailable via World Wide Web.
_nAccess may be limited to ebrary affiliated libraries.
650 0 _aPsychiatric hospital care.
650 0 _aMentally ill
_xCare.
655 7 _aElectronic books.
_2local
700 1 _aFirenza, Caroline.
710 2 _aebrary, Inc.
856 4 0 _uhttp://site.ebrary.com/lib/rucke/Doc?id=10459627
_zAn electronic book accessible through the World Wide Web; click to view
999 _c126728
_d126728